| 000 | 00546nam a2200193 4500 | ||
|---|---|---|---|
| 003 | SEACOMMC | ||
| 005 | 20240420133450.0 | ||
| 008 | 240420b |||||||| |||| 00| 0 eng d | ||
| 020 |
_a 978 93 85891 82 3 _cRs.995.00 |
||
| 040 | _aSEACOMMC | ||
| 082 |
_a 651.504621 _bM696 |
||
| 100 | _aMogli, G. D | ||
| 245 |
_aMedical records organization and management _cG. D Mogli, |
||
| 250 | _a2nd ed | ||
| 260 |
_aNew Delhi _b Jaypee Brothers Medical Publishers _c2001 |
||
| 300 | _aviii, 404p. 23 cm | ||
| 650 | _aHOSPITAL MANAGEMENT | ||
| 942 | _cBOOK | ||
| 999 |
_c525 _d525 |
||